000 00758nam a22001937a 4500
005 20180701114713.0
010 _aB-158518
020 _a8121511593
035 _aB-158518
037 _bMunshiram Manoharlal Publishers Pvt. Ltd.
082 _a250
100 _aPandit, Moti Lal
245 _aEncounter with buddhism:
_bA study of the evolution of buddhist thought
_c Moti Lal Pandit
260 _aNew Delhi
_bMunshiram Manoharlal Publishers Pvt. Ltd.
_c2005
270 _aPost Box 5715, Rani Jhansi Road, New Delhi-110055
_bNew Delhi
_e110055
300 _a313p.
_c22cm(hb)
942 _2ddc
_cEN
_h250
_mPAN
999 _c153115
_d153115